000 01185nam a2200289 a 4500
001 BRCA_4919
005 20190320204847.0
008 201010s1830----mx-####f##---#000-0#spa-#
041 _aspa
044 _amx
084 _aDOC16
_b.I88
_c1830
100 1 _aIturbide y Aramburu, María Nicolasa de
_d(?-1840)
_912468
245 1 0 _aDocumento firmado por María N. de Iturbide
_cMaría N. de Iturbide, Ignacio Lazo.
260 _aMéxico
_c1830
300 _a[2] fojas
_c15 x 10 cm
500 _aDocumento firmado el 11 de Marzo de 1830
500 _aCarta de María N. de Iturbide dirigida a Don Ignacio Lazo fechada en México el 11 de Marzo de 1830
500 _aEl documento tiene la leyenda DOC. #25
500 _aEstado de conservación: Contiene manchas de acidificación
506 0 _aFondo reservado: para su consulta es necesario credencial de usuario y carta de motivos
546 _aTexto en: español de principios del siglo XIX
600 1 4 _aIturbide y Aramburu, María Nicolasa de
_d(?-1840)
_912468
651 4 _aMéxico
_vManuscrito
_xHistoria
_yFederalismo y centralismo, 1824-1853
_912469
700 1 _aLazo, Ignacio
_912470
902 _aFDH
942 _2lcc
_cD
999 _c4613
_d4613